|
|
|
|
| LEADER |
00000nam0a2200000 4500 |
| 001 |
82392 |
| 005 |
20231031095707.0 |
| 010 |
|
|
|a 5930931194
|
| 035 |
|
|
|a (RuTPU)RU\TPU\book\88539
|
| 090 |
|
|
|a 82392
|
| 100 |
|
|
|a 20051003d2004 m y0rusy50 ca
|
| 101 |
0 |
|
|a rus
|
| 102 |
|
|
|a RU
|
| 105 |
|
|
|a a j 001zy
|
| 200 |
1 |
|
|a Водоотведение и очистка сточных вод
|e учебник для вузов
|f С. В. Яковлев, Ю. В. Воронов
|g под ред. Ю. В. Воронова
|
| 205 |
|
|
|a 3-е изд., доп. и перераб.
|
| 210 |
|
|
|a Москва
|c Изд-во Ассоциации строительных вузов
|d 2004
|
| 215 |
|
|
|a 702 с.
|c ил.
|
| 320 |
|
|
|a Библиогр.: с. 698-702.
|
| 330 |
|
|
|a В учебнике даны основные сведения о системах водоотведения и составе сточных вод. Приведены материалы для ознакомления с назначением, условиями и принципами работы, конструкциями, методами расчета и проектирования водоотводящих сетей, насосных станций, очистных сооружений. Описаны методы и технологические схемы очистки сточных вод и обработки осадка. Представлены компоновочные решения станций аэрации и биофильтрации. Освещены вопросы автоматизации, контроля и надежности работы водоотводящих сетей и сооружений, а также их строительства в особых условиях.
|
| 610 |
1 |
|
|a вода
|
| 610 |
1 |
|
|a водоотведение
|
| 610 |
1 |
|
|a водоотводящие сети
|
| 610 |
1 |
|
|a сточные воды
|
| 610 |
1 |
|
|a очистка
|
| 610 |
1 |
|
|a водостоки
|
| 610 |
1 |
|
|a перекачка
|
| 610 |
1 |
|
|a технологические схемы
|
| 610 |
1 |
|
|a биологическая очистка
|
| 610 |
1 |
|
|a механическая очистка
|
| 610 |
1 |
|
|a сооружения
|
| 610 |
1 |
|
|a биофильтры
|
| 610 |
1 |
|
|a флотационные методы
|
| 610 |
1 |
|
|a коагуляционная очистка
|
| 610 |
1 |
|
|a озонирование
|
| 610 |
1 |
|
|a обеззараживание
|
| 610 |
1 |
|
|a утилизация
|
| 610 |
1 |
|
|a осадки
|
| 610 |
1 |
|
|a проектирование
|
| 610 |
1 |
|
|a примеры
|
| 610 |
1 |
|
|a автоматизация
|
| 610 |
1 |
|
|a диспетчеризация
|
| 610 |
1 |
|
|a надежность
|
| 610 |
1 |
|
|a поля орошения
|
| 610 |
1 |
|
|a биологические пруды
|
| 610 |
1 |
|
|a системы водоотведения
|
| 610 |
1 |
|
|a сейсмоактивные районы
|
| 610 |
1 |
|
|a вечная мерзлота
|
| 610 |
1 |
|
|a учебники
|
| 675 |
|
|
|a 628.3(075.8)
|v 3
|
| 700 |
|
1 |
|a Яковлев
|b С. В.
|g Сергей Васильевич
|
| 701 |
|
1 |
|a Воронов
|b Ю. В.
|g Юрий Викторович
|
| 702 |
|
1 |
|a Воронов
|b Ю. В.
|4 340
|
| 801 |
|
1 |
|a RU
|b 63413507
|c 20051003
|g PSBO
|
| 801 |
|
2 |
|a RU
|b 63413507
|c 20091019
|g PSBO
|
| 900 |
|
|
|a Водоснабжение и инженерные мелиорации
|
| 900 |
|
|
|a Водохозяйственные сооружения
|
| 900 |
|
|
|a Инженерные системы водоснабжения и водоотведения
|
| 942 |
|
|
|c BK
|
| 952 |
|
|
|a 550100
|b 290000
|
| 959 |
|
|
|a 81/20051011
|d 20
|e 0
|f НФ:20
|